00500 2200193 4500001002100000005001500021035002000036007000300056008004100059020001800100082001100118084001700129100001700146245004400163250001000207260005500217300002500272990000900297INLIS00000000000004920170907122650 a0010-0917000035ta170907 f 0 ind  a979-3471-06-9 a297.12 a297.12 YAH t0 aYahya, Harun1 aTerorisme Riitual Syetan /cHarun Yahya acet.1 aJakarta Selatan :bSenayan Abadi Publishing,c2003 a188hlm ;c15 x 23 cm a2110